A history of the confederacy 1832-1865
Kaydedildi:
| Yazar: | |
|---|---|
| Materyal Türü: | Kitap |
| Dil: | Undetermined |
| Baskı/Yayın Bilgisi: |
New York
1955
|
| Konular: | |
| Etiketler: |
Etiketle
Etiket eklenmemiş, İlk siz ekleyin!
|
| Thư viện lưu trữ: | Trung tâm Học liệu Trường Đại học Cần Thơ |
|---|
| LEADER | 00471nam a2200181Ia 4500 | ||
|---|---|---|---|
| 001 | CTU_111455 | ||
| 008 | 210402s9999 xx 000 0 und d | ||
| 020 | |c 127000 | ||
| 082 | |a 909 | ||
| 082 | |b D745 | ||
| 100 | |a Dowdey, Clifford | ||
| 245 | 2 | |a A history of the confederacy 1832-1865 | |
| 245 | 0 | |c Clifford Dowdey | |
| 260 | |a New York | ||
| 260 | |c 1955 | ||
| 650 | |a World history | ||
| 904 | |i Tuyến | ||
| 980 | |a Trung tâm Học liệu Trường Đại học Cần Thơ | ||